| 000 | 00494nam a2200181Ia 4500 | ||
|---|---|---|---|
| 008 | 240729s9999 xx 000 0 und d | ||
| 022 | _a2709-0256 | ||
| 245 | 0 | _aUniversity of Thi-Qar Journal of Science | |
| 260 | _aIraq | ||
| 260 | _bUniversity of Thi-Qar | ||
| 650 | _a Biology (General) | Science | ||
| 650 | _a Chemistry | ||
| 650 | _a Physics | Science | ||
| 650 | _aScience | ||
| 856 | _uhttps://doaj.org/toc/93ac6b379a294267bf3f89a8da2af4a5 | ||
| 942 | _2ddc | ||
| 942 | _cDOAJEJ | ||
| 999 |
_c73485 _d73485 |
||
| 945 |
_a1 _bMadushi Gamage _c1 _dMadushi Gamage |
||